000 00868nam a2200253Ia 4500
003 OSt
005 20220923212444.0
006 a|||||r|||| 00| 0
007 ta
008 220922b |||||||| |||| 00| 0 hin d
024 _a153,139
037 _cTextual
040 _aARTS
_cARTS
_bhin
041 _2hin
_ahin
082 _aO142,3N44x, 152M3
100 _aतोकारेवा, विक्तोरिया
245 0 _aअपनी जबान में कुछ कहो
246 _aApanī jabān mean kuchh kaho
260 _aदिल्ली
_b जयश्री प्रकाशन
_c1983
300 _a123 पृ.
_ccm.
650 _aहिन्दी साहित्य
_9156264
942 _hO142,3N44x, 152M3
_cTEXL
_2CC
999 _c308787
_d308787